000 00952nam a2200313Ia 4500
003 OSt
005 20220912151546.0
006 a|||||r|||| 00| 0
007 ta
008 220909b |||||||| |||| 00| 0 eng d
020 _a0849394333 (hbd)
024 _a5267
037 _bNarosa,
037 _cTextbook
040 _aCSL
_beng
_cCSL
041 _aeng
082 _aB333:1, N6
100 _aDormand John R
245 0 _aNumerical methods for differential equations: a computational approach
260 _aBoca
_bRaton CRC Press
_c1996
300 _a368p.
_ccm. Includes with Floppy Disk
490 _aLibrary of engineering mathematics
500 _aAppendices 291-359p; Bibliographical references 361-364p; Index 365-368p
650 _a Differential equations
650 _a Numerical solutions
650 _aMathematics
942 _hB333:1, N6
_cTB
_2CC
999 _c71314
_d71314